• 首页
  • 本馆介绍
  • 公告通知
  • 最新文献
  • 馆藏检索
  • 电子资源
  • 读者导购
  • 参考咨询
  • 我的图书馆
  • 登录
  • 详细信息显示
  • 放入我的书架
  • 预约/预借图书
  • 作者相关作品
  • 分类相关作品
  • 丛书相关作品
  • 出版社相关作品

书目信息

  • 表格格式
  • 工作单格式
  • 卡片格式
题名:
提高生产率
    
 
作者: 伯纳姆 著 ;陈明锟 译
分册:  
出版信息: 北京   中国社会科学出版社  1978
页数: 58页
开本: 19cm
丛书名:
单 册:
中图分类: F242
科图分类:
主题词: 劳动生产率
电子资源:
ISBN:
000 00705nam0 2200241 45
001 0178001758
005 20060815175448.70
010    @dCNY0.20
091    @a4190.002
100    @a19950714d1978 em y0chiy0121 ea
101 1  @achi@ceng
102    @aCN@b110000
105    @ay z 000yy
200 10 @a提高生产率@Ati gao sheng chan lv@e在卡内基·梅隆大学的演讲词@f(美)唐纳德·C·伯纳姆著@F(mei)tang na de·C·bo na mu zhu@g陈明锟译
210    @a北京@c中国社会科学出版社@d1978
215    @a58页@d19cm
300    @a内部发行
606    @a劳动生产率
690    @aF242@v3
701  0 @a伯纳姆@Abo na mu@4著
702  0 @a陈明锟@Achen ming kun@4译
801  0 @aCN@bNLC@c20060815
905    @f1@b2445@dF242@e1
    
    提高生产率:在卡内基·梅隆大学的演讲词/(美)唐纳德·C·伯纳姆著/陈明锟译.-北京:中国社会科学出版社,1978
    58页;19cm
    内部发行
    
    ISBN :CNY0.20
    
●
相关链接 在E读中查询图书 在五车中查询图书 在当当中查询图书 在豆瓣中查询图书


正题名:提高生产率     索取号:F242/1         预约/预借

序号 登录号 条形码 馆藏地/架位号 状态 备注
1 0002444   202157003   密集书库/ [索取号:F242/1] 在馆    
2 0002445   000209884   第一样本阅览室/ [索取号:F242/1] 在馆    
3 0424514   204245147   密集书库/ [索取号:F242/1] 在馆    
4 0460542   204605427   密集书库/ [索取号:F242/1] 在馆    
5 0460543   204605436   密集书库/ [索取号:F242/1] 在馆    
唐山师范学院图书馆 欢迎您!
大连网信软件有限公司© 版权所有